Responses for Show #565 - Friday, February 6, 1987

Contestants

[<< previous game]

Mary Hammond, a homemaker originally from Kansas City, Missouri

Susan Kaisler, a French teacher from Mesa, Arizona

Joel Nathanson, a dentist from Baltimore, Maryland (whose 3-day cash winnings total $20,801)

[next game >>]

Jeopardy! Round responses

CELEBRITY TRADEMARKS
TRAVEL & TOURISM
SPORTS
DANGEROUS ANIMALS
GIRLS IN SONG
"YANKEE"s
    $100 10
golf swing

Joel
    $100 16
the witchcraft trials

Joel
    $100 26
(Joel: Who are the Yankees?)
...
[End of round signals.]

Harlem Globetrotters

JoelMary
    $100 17
consume or eat the male

Mary
    $100 1
Cathy

Mary
    $100 6
Damn Yankees

Mary
    $200 11
Casey Kasem

Joel
    $200 18
Germany

Susan
    $200 21
snakes

Mary
    $200 2
Peggy Sue

Mary
    $200 7
Yankee Clipper

Mary
    $300 13
The Who

Joel
    $300 19
currency

Triple Stumper
    $300 22
(Susan: What are pigeons?)
...
(Alex: We've got less than a minute to go in the round.)

rats

JoelSusan
    $300 3
marijuana

Susan
    $300 8
(Mary: What is "Yankee Doodle Dandy?")

"Yankee Doodle"

SusanMary
    $400 14
speed speaking (fast talking)

Mary
    $400 20
Museum of Gold

Joel
    $400 23
piranha

Mary
    $400 4
prima donna

Triple Stumper
    $400 9
(Susan: What is Yankee go home?)

Cuba, si, Yankee, no!

Susan
Triple Stumper
    $500 15
Edith Head

Triple Stumper
    $500 25
fingers (right hand)

Mary
    $600 24
Scorpio

Mary
    $500 5
"Georgy Girl"

Mary
    $500 12
A Connecticut Yankee in King Arthur's Court

Mary

Scores at the first commercial break (after clue 12):

Joel Susan Mary
$300 $200 $1,300

Scores at the end of the Jeopardy! Round:

Joel Susan Mary
$1,300 $100 $3,600

Double Jeopardy! Round responses

LITERATURE
TIME
LONDON ON FILM
SMOKING
WILDFLOWERS
"REBEL"s
    $200 1
arsenic

Joel
    $200 22
(Mary: I live there. What is the [*]?)

Central time zone

Mary
    $200 11
Margaret Thatcher

Triple Stumper
    $200 2
black eye

Mary
    $200 23
wallflower

Joel
    $200 3
Rebel Without a Cause

Mary
    $400 7
d'Artagnan

Susan
    $400 16
International Date Line

Mary
    $400 12
The Big Sleep

Triple Stumper
    $400 20
Marlboro

Susan
    $400 4
rebel yell

Mary
    $600 8
Little Eva

Mary
    $600 17
(official) timekeeper

Mary
    $600 13
Covent Garden

Susan
    $600 21
(Mary: What is the Catholic Church?)
(Alex: More specific.)
...
(Alex: That's it, yeah, they saw smoke coming out of his mouth & nose and they figured the devil's got him, boy. Gotta lock him up.)
[Laughter]

Spanish Inquisition

Mary
    $600 5
"He's a Rebel"

Triple Stumper
    $800 9
Somerset Maugham

Susan
    $1,800 18
in (or on) the sands of time

Mary
    $800 14
St. Paul's

Mary
    $800 24
(Alex: Less than a minute to go.)

Duke University

Triple Stumper
    $800 6
The Young Rebels

Triple Stumper
    $1000 10
A Portrait of the Artist as a Young Man

Triple Stumper
    $1000 19
A Thousand Days

Susan
    $1000 15
A Touch of Class

Mary
    $1000 25
Amy Lowell

Triple Stumper
    $1000 27
[Ohs, groans & laughs]
(Alex: We don't editorialize except in botanical matters.)
[End of round signals]

bleeding heart

Triple Stumper
    $1,600 26
[Instrumental music played.]
(Alex: Why do I get the feeling, Joel, that you're just enjoying listening to this and you don't have a clue?)
(Joel: I have no idea.)

"Rebel-'Rouser"

Joel

Scores at the end of the Double Jeopardy! Round:

Joel Susan Mary
$100 $3,300 $10,400
(lock game)

[wagering suggestions for these scores]

Final Jeopardy! Round responses

LAKES & RIVERS
(Mary: Are you sure it's not the Nile?)
[Laughter]
(Alex: Well, you see, this is one of those situations where you had to think about it a little. One of these places is in Missouri, the other one is just south of St. Louis, and Memphis of course is in Tennessee and the right river is the [*]. The Nile is of course much longer than 2300.)
JoelWhat is the Nile?
$100
SusanWhat is the Nile?
$300
MaryWhat is the Nile?
$1,400
Mississippi

Final scores:

Joel Susan Mary
$0 $3,000 $9,000
3rd place: Helbros his & hers sports watches 2nd place: Admiral refrigerator & Donvier ice cream makers New champion: $9,000

Game dynamics:

Coryat scores:

Joel Susan Mary
$1,700 $3,300 $9,300
8 R,
2 W
(including 1 DD)
8 R,
2 W
24 R
(including 2 DDs),
1 W

Combined Coryat: $14,300

[game clues] [game scores] [suggest correction]

Game tape date: 1986-11-05
The J! Archive is created by fans, for fans. Scraping, republication, monetization, and malicious use prohibited; this site may use cookies and collect identifying information. See terms. The Jeopardy! game show and all elements thereof, including but not limited to copyright and trademark thereto, are the property of Jeopardy Productions, Inc. and are protected under law. This website is not affiliated with, sponsored by, or operated by Jeopardy Productions, Inc. Join the discussion at JBoard.tv.